000 00374nam a22001457a 4500
003 OSt
008 250219b |||||||| |||| 00| 0 eng d
041 _aeng
082 _a005.369
_bSTU/LE
100 _aStulty, Russel A
_97181
245 _aLearn Microsoft Access 7.0 for Windows 95 in a Day
250 _a1st
260 _aNew Delhi:
_bBPB Publications,
_c1996.
942 _cBK
999 _c19408
_d19408